| 000 | 01311cam a22003377a 4500 | ||
|---|---|---|---|
| 003 | CHAP | ||
| 005 | 20220329134224.0 | ||
| 008 | 971013s1978 r 00010 d | ||
| 010 | _a17197 | ||
| 011 | _a18169 | ||
| 035 | _a22254 | ||
| 040 | _cCHAP | ||
| 082 | 0 | 4 |
_a630.71 _bJ5 |
| 100 | 0 | 0 |
_aJiménez Sánchez, Leobardo. _961653 |
| 245 | 1 | 0 |
_aTrayectoria y perspectivas del Colegio de Postgraduados _c/por Leobardo Jiménez Sánchez, Ramón Fernández y Fernández y Jorge Galindo Alonso |
| 260 |
_aChapingo, Méx. : _bColegio de Postgraduados, _c1978. |
||
| 300 | _a89 p | ||
| 590 |
_aBATCH-UPD _b10 _c20130110 _lUCH01 _h1807 |
||
| 590 |
_aBATCH-UPD _b10 _c20130410 _lUCH01 _h1142 |
||
| 590 |
_aBATCH-UPD _b10 _c20130914 _lUCH01 _h1240 |
||
| 590 |
_aCONVERSION _b10 _c20130109 _lUCH01 _h1311 |
||
| 650 | 1 | 4 |
_aEducación agrícola _zMéxico. _935552 |
| 700 | 0 |
_aFernández y Fernández, Ramón. _940322 |
|
| 700 | 0 |
_aGalindo Alonso, Jorge. _944277 |
|
| 710 | 0 |
_aMéxico. _bSecretaría de Agricultura y Recursos Hidráulicos _976864 |
|
| 901 | _aBK | ||
| 942 | _cLIBRO | ||
| 949 |
_a630.71 J5 _bBC _cLIBRO _d33724000033601 _eLIBRO _h67333 _i22254 _mD _si |
||
| 949 |
_a630.71 J5 _bBC _cLIBRO _d33724000707667 _eLIBRO _fc.3 _h94164 _i22254 _kDonaciØn _sb |
||
| 949 |
_a630.71 J5 _bBC _cUACH _d-52131 _eUACH _fc.2 _h67334 _i22254 _mD _si |
||
| 999 |
_c17197 _d17197 |
||